Catalog

Record Details

Catalog Search



Christian apologetics in a world community  Cover Image Book Book

Christian apologetics in a world community / William Dyrness

Dyrness, William (Author).

Record details

  • ISBN: 0-87784-399-6
  • Physical Description: 197 p.
  • Publisher: Downers Grove, Illinois Inter-Varsity Press 1983

Available copies

  • 1 of 1 copy available at Common Catalog SPOK.

Holds

  • 0 current holds with 1 total copy.
Show Only Available Copies
Location Call Number / Copy Notes Barcode Shelving Location Status Due Date
ETS Library 239 424470007527 Volný výběr Available -

LDR 00670nam a2 00241
00141021
003CZ-PrJAB
00520040217000000.0
008000614s1983 xxu e |||| |eng
009us
020 . ‡a0-87784-399-6
035 . ‡a(CONS)3957
035 . ‡aKPS7047
040 . ‡aABG450
041 . ‡aeng
08214. ‡a239
100 . ‡71045 ‡aDyrness, William
245 . ‡aChristian apologetics in a world community / ‡cWilliam Dyrness
260 . ‡aDowners Grove, Illinois ‡bInter-Varsity Press ‡c1983
300 . ‡a197 p.
653 . ‡aChristian apologetics in a world community
8524 . ‡bETS ‡bETS ‡cVolný výběr ‡j239 ‡gA ‡p424470007527
910 . ‡aABG450
999 . ‡a3957 ‡bAUTOGEN ‡c3957 ‡tbiblio
905 . ‡uadmin
901 . ‡a41021 ‡b ‡c41021 ‡tbiblio ‡sets

Additional Resources